Normal view
MARC view
- درويش، زكي محمد، م.مشارك الخولى، أمين أنور، م.مشارك أبو العلا، عبده
Entry Personal Name
001 - CONTROL NUMBER
- control field: 6973
003 - CONTROL NUMBER IDENTIFIER
- control field: JO-AjAnu
005 - DATE AND TIME OF LATEST TRANSACTION
- control field: 20230606071429.0
008 - FIXED-LENGTH DATA ELEMENTS
- fixed length control field: 230606|| aca||aabn | a|a d
040 ## - CATALOGING SOURCE
- Original cataloging agency: JO-AjAnu
- Transcribing agency: JO-AjAnu
100 ## - HEADING--PERSONAL NAME
- Personal name: درويش، زكي محمد، م.مشارك الخولى، أمين أنور، م.مشارك أبو العلا، عبده
670 ## - SOURCE DATA FOUND
- Source citation: Work cat.: (JO-AjAnu)3612: درويش، زكي محمد، م.مشارك الخولى، أمين أنور، م.مشارك أبو العلا، عبده, author, التنشئة البدنية للطفل